Central Library OPAC University of Rajshahi

Fall of the Mughal Empire / (Record no. 26258)

MARC details
000 -LEADER
fixed length control field 00927nam a2200301 a 4500
001 - CONTROL NUMBER
control field 26258
003 - CONTROL NUMBER IDENTIFIER
rucl marc code BD-RjUL
005 - DATE AND TIME OF LATEST TRANSACTION
control field 20211209051006.0
008 - FIXED-LENGTH DATA ELEMENTS--GENERAL INFORMATION
fixed length control field 170208m19911988ii b 001 0 eng d
020 ## - INTERNATIONAL STANDARD BOOK NUMBER
International Standard Book Number 0861317467 (v. 1)
International Standard Book Number 0861317475 (v. 2)
International Standard Book Number 0861317483 (v. 3)
035 ## - SYSTEM CONTROL NUMBER
System control number (BD-RjUL)26328
040 ## - CATALOGING SOURCE
Original cataloging agency DLC
Transcribing agency MiRochOU
Modifying agency MiRochOU
-- BD-RjUL
Language of cataloging eng
041 ## - LANGUAGE CODE
Language code of text/sound track or separate title eng
082 ## - DEWEY DECIMAL CLASSIFICATION NUMBER
Classification number 954.029
Author mark and year SAF 1991
Edition number 23
100 1# - MAIN ENTRY--PERSONAL NAME
Personal name Sarkar, Jadunath
Dates associated with a name 1870-1958.
9 (RLIN) 19419
245 10 - TITLE STATEMENT
Title Fall of the Mughal Empire /
Remainder of title Jadunath Sarkar
250 ## - EDITION STATEMENT
Edition statement 4th ed.
260 ## - PUBLICATION, DISTRIBUTION, ETC. (IMPRINT)
Place of publication, distribution, etc. NewDehi :
Name of publisher, distributor, etc. Orient Longman,
Date of publication, distribution, etc. 1991
300 ## - PHYSICAL DESCRIPTION
Pagination xx, 345 p. ;
Size 22 cm.
504 ## - BIBLIOGRAPHY, ETC. NOTE
Bibliography, etc Includes bibliography and index.
505 0# - FORMATTED CONTENTS NOTE
Formatted contents note v. 1. (1739-54)-- v. 2. (1754-71)-- v. 3. (1771-88)--
650 ## - SUBJECT ADDED ENTRY--TOPICAL TERM
Topical term or geographic name as entry element Mogul Empire
9 (RLIN) 59554
651 #0 - SUBJECT ADDED ENTRY--GEOGRAPHIC NAME
Geographic name Mogul Empire
General subdivision History.
9 (RLIN) 19831
Geographic name India
General subdivision History
Chronological subdivision 18th century.
9 (RLIN) 80733
942 ## - ADDED ENTRY ELEMENTS (KOHA)
Source of classification or shelving scheme Dewey Decimal Classification
Koha item type Books
Holdings
Lost status Source of classification or shelving scheme Damaged status Not for loan Collection code Permanent Location Current Location Shelving location Date acquired Source of acquisition Cost, normal purchase price Total Checkouts Full call number Date last seen Copy number Koha item type Date checked out
  Dewey Decimal Classification   Not For Loan Non-fiction Central Library, University of Rajshahi Central Library, University of Rajshahi Reading Room 13/06/1995 Ankur prakashani 275.00   954.029 SAF V-2 1991 20/03/2014 C-1 Books  
  Dewey Decimal Classification   Not For Loan Non-fiction Central Library, University of Rajshahi Central Library, University of Rajshahi Reading Room 15/01/1998 Dhaka, Ankur prokashoni 275.00   954.029 SAF V-1 1988 08/02/2017 C-1 Books  
  Dewey Decimal Classification     Non-fiction Central Library, University of Rajshahi Central Library, University of Rajshahi   15/01/1998 Dhaka, Ankur prokashoni 275.00 3 954.029 SAF V-1 1988 19/10/2025 C-2 Books 14/10/2025
  Dewey Decimal Classification   Not For Loan Non-fiction Central Library, University of Rajshahi Central Library, University of Rajshahi Reading Room 15/01/1998 Dhaka, Ankur prokashoni 315.00   954.029 SAF V-3 1991 08/02/2017 C-1 Books  
  Dewey Decimal Classification     Non-fiction Central Library, University of Rajshahi Central Library, University of Rajshahi   15/01/1998 Dhaka, Ankur prokashoni 275.00 2 954.029 SAF V-3 1991 07/05/2025 C-2 Books 05/03/2025
  Dewey Decimal Classification     Non-fiction Central Library, University of Rajshahi Central Library, University of Rajshahi   15/01/1998 Dhaka, Ankur prokashoni 315.00 2 954.029 SAF V-2 1991 07/05/2025 C-2 Books 05/03/2025